000 00447nam a2200157Ia 4500
008 210210b1998 xxu||||| |||| 00| 0 eng d
020 _a0 7619 5647 6
082 _a302.2 MATT
100 _aMATTELART (Armand) and MATTELART (Michele).
245 _aTheories of communication a short introduction.
260 _aLondon.
_bSage Publications
_c1998
300 _avi,186
650 _aCommunication
690 _aCommunication
906 _a057467
999 _c104851
_d104851